000 01018nam a2200253 i 4500
003 DO-SdBNP
005 20231116105046.0
007 ta
008 231116b1995 dr a|||| |||| 00| 0 spa d
040 _aDO-SdBNP
_bspa
_cBNPHU
_erda
082 4 _222
110 1 _aConferencia del episcopado dominicano
_bComisión episcopal nacional de catequesis
_956359
245 1 0 _aSeguimos a Jesús :
_bcatequesis de iniciación cristiana /
_cpresentación, Juan Antonio Flores
264 _aSanto Domingo :
_bMSC,
_c1995.
300 _avlumen :
_bilustraciones ;
_c28 cm.
336 _2rdacontent
_atexto
_btxt
337 _2rdamedia
_asin mediación
_bn
338 _2rdacarrier
_avolumen
_bnc
505 0 _aAnuncio Kerigmático--
_tEl padre prepara la llegade de Jesús --
_tJesús construye el reino. Las señales del reino --
_tLos valores del reino --
_tJesús está presente entre nosotros.
590 _aInventariado, 2023/BT
700 1 _aFlores, Juan Antonio,
_epresentación
_953759
910 _aBtavárez
942 _2ddc
_cLBS1
999 _c55517
_d55517